书目信息 |
| 题名: |
普通图书著录指南
|
|
| 作者: | 胡广翔 编著 | |
| 分册: | ||
| 出版信息: | 北京 中国标准出版社 2007.08 |
|
| 页数: | 210页 | |
| 开本: | 21cm | |
| 丛书名: | ||
| 单 册: | ||
| 中图分类: | G254.31 | |
| 科图分类: | ||
| 主题词: | 图书著录--tu shu zhu lu--国家标准--中国--指南 | |
| 电子资源: | ||
| ISBN: | 978-7-5066-4548-5 | |
| 000 | 01000nam0 2200241 450 | |
| 001 | 012007310812 | |
| 005 | 20071228134241.48 | |
| 010 | @a978-7-5066-4548-5@dCNY18.00 | |
| 100 | @a20071228d2007 km y0chiy0120 ea | |
| 101 | 0 | @achi |
| 102 | @aCN@b110000 | |
| 105 | @ay a 000yy | |
| 106 | @ar | |
| 200 | 1 | @a普通图书著录指南@Apu tong tu shu zhu lu zhi nan@f胡广翔编著@Fhu guang xiang bian zhu |
| 210 | @a北京@c中国标准出版社@d2007.08 | |
| 215 | @a210页@d21cm | |
| 320 | @a有书目 (第209-210页) | |
| 330 | @a本书概述了图书著录工作的目的和作用,介绍了GB/T 3792.2-1985《普通图书著录规则》的修订背景和过程以及修订该标准的原则和依据,分析比较了该国家标准前后两个版本的内容变化、GB/T 3792.2-2006与国际标准ISBD(M)2002年修订版的联系与区别,并阐述了在新形势下新版国家标准的使用与MARC机读目录的应用。 | |
| 606 | 0 | @a图书著录@Atu shu zhu lu@x国家标准@y中国@j指南 |
| 690 | @aG254.31@v4 | |
| 701 | 0 | @a胡广翔@Ahu guang xiang@4编著 |
| 801 | 0 | @aCN@bQSSK@c20071228 |
| 905 | @b273604-05@dG254.31@eH467@f2 | |
| 普通图书著录指南/胡广翔编著.-北京:中国标准出版社,2007.08 |
| 210页;21cm |
| ISBN 978-7-5066-4548-5:CNY18.00 |
| 本书概述了图书著录工作的目的和作用,介绍了GB/T 3792.2-1985《普通图书著录规则》的修订背景和过程以及修订该标准的原则和依据,分析比较了该国家标准前后两个版本的内容变化、GB/T 3792.2-2006与国际标准ISBD(M)2002年修订版的联系与区别,并阐述了在新形势下新版国家标准的使用与MARC机读目录的应用。 |
| ● |
| 相关链接 |
|
|
|
正题名:普通图书著录指南
索取号:G254.31/H467
 
预约/预借
| 序号 | 登录号 | 条形码 | 馆藏地/架位号 | 状态 | 备注 |
| 1 | 273604 | 202736049 | 社科库409/409社科库 59排6列1层/ [索取号:G254.31/H467] | 在馆 | |
| 2 | 273605 | 202736058 | 社科库409/409社科库 59排6列1层/ [索取号:G254.31/H467] | 在馆 |